Open Data Biblioteca Nacional de Portugal


República Portuguesa: Ministério da Cultura
Biblioteca Nacional de Portugal

Catálogo da BNP: acesso por Identificadores Unívocos
Registos Bibliográficos associados ao registo de autoridade

Etiqueta de registo: 00000nam 2200025 450
001 1925768
003 http://id.bnportugal.gov.pt/bib/catbnp/1925768
010 ## $a978-989-682-523-2
021 ## $aPT$b394331/15
100 ## $a20160318d2015 d y0pory01030103ba
101 1# $apor$ceng
102 ## $aPT
105 ## $aa t 000zy
106 ## $ar
200 1# $aViúva negra$e o manto da viúva$fDevin Grayson... [et al.]$gcoord., trad. José de Freitas
210 #9 $a[Lisboa]$cLevoir$cPúblico [distrib.],$dcop. 2015
215 ## $a146, [6] p.$ctodo il.$d27 cm
225 2# $aPoderosos hérois Marvel$v4
305 ## $aEd. orig. Black Widow
675 ## $a087.5$vBN$zpor$3287999
675 ## $a741(=1:73)"19/20"$vBN$zpor$31487069
675 ## $a821.111(73)-9"19/20"$vBN$zpor$31185252
701 #1 $aGrayson,$bDevin$4070$31639517
702 #1 $94$aFreitas,$bJosé de,$f1964-$4340$31400181
801 #0 $aPT$bBN$gRPC
856 41 $uhttp://rnod.bnportugal.gov.pt/ImagesBN/winlibimg.aspx?skey=&doc=1925768&img=74354&save=true
900 ## $aBIBNAC$d20160331
966 ## $lBN$mFGMON$sP. 44154 V.$x1
966 ## $lBN$mFGMON$sP. 44154 V.-D$x1

OpendataBNP@bnportugal.pt | Mais informação sobre acesso aos dados BNP